000 00875nam a2200277 i 4500
003 EG-GICUC
005 20260311133905.0
008 260311s1963 fr ||||fr|||| 000 0 fre d
040 _aEG-GiCUC
_bfre
_cEG-GiCUC
_dEG-GiCUC
_eRda
082 0 4 _221
_a341.6046
_bRO . G
092 0 4 _221
099 _aLaw1 11 341.6046 RO . G 1963
100 1 _aRoux, Georges
_eAuteur
245 1 3 _aLa Guerre Civile D'espagne /
_b
_cGeorges - Roux.
_n
264 1 _aParis :
_bLibrairie Fayard,
_c1963.
300 _a316page :
_billustration ;
_c 24 cm.
336 _2rda contenu
_a texte
337 _2rda medias
_aOrdinateur
338 _2 transporteur rda
_a Ressource en ligne
546 _aTexte en français
650 1 4 _aDroit international public
_2
651 1 _2
856 4 0 _uhttps://fll.law.cu.edu.eg/fulltext/bks/B11-08750.pdf
905 _a50
942 _2ddc
_cBK
_e21
_n0
999 _c66059
_d66059